| 000 | 00429nam a2200145 a 4500 | ||
|---|---|---|---|
| 001 | 2785 | ||
| 003 | CDMR | ||
| 005 | 20130802121400.0 | ||
| 008 | 130130s1964||||||||||||||||||||||||||||d | ||
| 040 |
_aCDMR _bcat _cCPC LLEIDA |
||
| 110 | 2 |
_aAssociació de la Premsa de Barcelona _939 |
|
| 245 | 1 | 0 |
_aMemoria 1963 _cAssociació de la Premsa de Barcelona |
| 260 |
_aBarcelona _c1964 _bAssociació de la Premsa de Barcelona |
||
| 942 |
_cMON _2udc |
||
| 999 |
_c2785 _d2785 |
||